| 000 | 01465nam0a22003251 4500 | ||
|---|---|---|---|
| 001 | rc\4135611 | ||
| 005 | 20220429123444.0 | ||
| 021 |
_aRU _b[48-6869] |
||
| 035 | _a(NLR Aleph) 008160216 | ||
| 090 |
_a7797385 _c7797385 |
||
| 100 | _a20130415d1948 |||y0rusy50 ca | ||
| 101 | 0 | _arus | |
| 102 | _aRU | ||
| 105 | _aac z ||||| | ||
| 200 | 1 |
_aИван Петрович Павлов _eЕго учение о высшей нервной деятельности |
|
| 210 |
_aКиев _cГосмедиздат УССР _d1948 _gТип. ФЗУ |
||
| 215 |
_a14 с., 1 л. портр. _cил. _d19 |
||
| 300 | _aПеред загл. авт.: В.П. Протопопов, действ. чл. Акад. наук УССР | ||
| 600 | 1 |
_aПавлов _bИ.П. _f1849-1936 _gИван Петрович _2psbo |
|
| 604 |
_150010$aЕго учение о высшей нервной деятельности _1700#1$aПавлов$bИ.П.$f1849-1936$gИван Петрович |
||
| 606 |
_aРефлексы условные _2psbo |
||
| 606 |
_aНервная система, центральная _xФизиология _2psbo |
||
| 700 | 1 |
_aПротопопов _bВ. П. _f1880-1957 _gВиктор Павлович |
|
| 702 | 1 |
_aПавлов _bИ. П. _cфизиолог _f1849-1936 _gИван Петрович _3RU\NLR\AUTH\7764869 _4570 |
|
| 801 | 0 |
_aRU _bNLR _gpsbo |
|
| 801 | 1 |
_aRU _bELAR _2rusmarc |
|
| 852 |
_aNLR _jАф02 Г-4/106 |
||
| 942 | _cBOOK | ||
| 980 | _aNB | ||